Diccionario de bibliotecología/ (Registro nro. 9985)

Detalles MARC
000 -LEADER
fixed length control field 01042nam a2200205Ia 4500
005 - FECHA Y HORA DE LA ÚLTIMA TRANSACCIÓN
control field 20231120170833.0
008 - FIXED-LENGTH DATA ELEMENTS--GENERAL INFORMATION
fixed length control field 231115s9999 xx 000 0 und d
020 ## - INTERNATIONAL STANDARD BOOK NUMBER
International Standard Book Number 950-003-052-7
040 ## - CATALOGING SOURCE
Original cataloging agency UPAN
Transcribing agency Biblioteca San Vicente
Description conventions RCAA2
041 ## - LANGUAGE CODE
Language code of text/sound track or separate title spa
082 ## - DEWEY DECIMAL CLASSIFICATION NUMBER
Classification number 020.3
Item number B943d
año de publicación 1976
100 ## - MAIN ENTRY--PERSONAL NAME
Personal name Buonocore, Domingo
Relator code aut.
245 #0 - TITLE STATEMENT
Title Diccionario de bibliotecología/
Statement of responsibility, etc Domingo Buonocore
250 ## - EDITION STATEMENT
Edition statement 2° ed.
260 ## - PUBLICATION, DISTRIBUTION, ETC. (IMPRINT)
Place of publication, distribution, etc Buenos Aires:
Name of publisher, distributor, etc Marymar,
Date of publication, distribution, etc 1976
300 ## - PHYSICAL DESCRIPTION
Extent 452 p.;
Dimensions 23 cm.
505 ## - FORMATTED CONTENTS NOTE
Formatted contents note Tabla de Materias: Nota para la presente edición III. Prólogo de la primera edición VII. Prefacio para la segunda edición XIII. Introducción 1. Abreviaturas y referencias empleadas en este diccionario 25. Diccionario de bibliotecología 27. abreviaturas, palabras y locuciones que más comúnmente se usan en las citas y asientos bibliográficos 431. Bibliografía consultada 436. Bibliografía consultada para la segunda edición 449. Post scriptum 453.
650 ## - SUBJECT ADDED ENTRY--TOPICAL TERM
Source of heading or term LEMB
Topical term or geographic name as entry element Bibliotecología
Form subdivision Diccionario
942 ## - ADDED ENTRY ELEMENTS (KOHA)
Koha item type Libros
Source of classification or shelving scheme Dewey Decimal Classification
Existencias
Withdrawn status Lost status Source of classification or shelving scheme Damaged status Not for loan Collection code Home library Current library Date acquired Total Checkouts Full call number Barcode Date last seen Copy number Price effective from Koha item type
    Dewey Decimal Classification     Referencia Biblioteca UPAN San Vicente Biblioteca UPAN San Vicente 16/11/2023   020.3 B943d 12001934 16/11/2023 01 16/11/2023 Libros